000
00423nam a2200145Ia 4500
008
100204s9999 xx 000 0 und d
082
_b
14013
100
_a
जोगळेकर योगिनी
245
_a
सार्थक
260
_b
"दिलीप प्रकाशन , मुंबई 4"
_c
1988
300
_a
212
630
_a
सार्थक
730
_a
सार्थक
942
_c
BOOK
999
_c
458444
_d
458441